000 00746nam a22001937a 4500
999 _c60989
_d60989
005 20231204161523.0
008 231204s1999 ru ||||| |||| 00| 0 rus d
020 _a 5769502622
041 _arus
080 _a008(100)(075.32) E-60
100 _aЕмохонова, Л.Г.
_920569
245 _aМировая художественная культура :
_bУчебное пособие для студ. /
_cЛ.Г. Емохонова.
264 _aМ.:
_bАкадемия,
_c1999.
300 _a448 с.:
_bил.;
_c24 см.
440 _aПедагогическое образование
_920570
653 _aმსოფლიო ხელოვნება
653 _aმსოფლიო კულტურა
942 _2udc
_cBK